| 000 | 00863nam a2200193 a 4500 | ||
|---|---|---|---|
| 001 | 000048455 | ||
| 005 | 20201002061152.0 | ||
| 008 | 190321s2018 dr a r 000 0 spa d | ||
| 020 | _a9789945913712S | ||
| 040 |
_aDO-SdBNP _bspa _bBNPHU |
||
| 082 |
_axxxx _bN734a |
||
| 245 | 0 | 0 |
_aNivelación académica para la admisión universitaria lectura y redacción : _bguía para el docente / _ctextos Cristina Amiama, Maritza Cabrera. |
| 260 |
_aSanto domingo : _bInstituto Superior de Formación Docente Salomé Ureña, _c2018. |
||
| 300 |
_a99 p. : _bil. ; _c28 cm. |
||
| 505 |
_gv. 1-- _tDiscursos expositivos -- _gv. 2-- _tDiscursos descriptivos -- _gv. 3-- _tDiscursos aumentativos -- _gv. 4-- _tDiscursos literarios -- _gv. 5 -- _tLectura y redacción. |
||
| 590 | _aInventariado, 2019 / DG | ||
| 700 | 1 |
_aAmiama, Cristina, _etex. _975871 |
|
| 701 |
_aCabrera, Maritza, _etex. |
||
| 999 |
_c47943 _d47943 |
||